Normal view
MARC view
- Stirzaker, David.
Entry Personal Name
001 - CONTROL NUMBER
- control field: 11031
003 - CONTROL NUMBER IDENTIFIER
- control field: NUST
005 - DATE AND TIME OF LATEST TRANSACTION
- control field: 20180606035331.0
008 - FIXED-LENGTH DATA ELEMENTS
- fixed length control field: 180606|| aca||aabn | a|a d
040 ## - CATALOGING SOURCE
- Original cataloging agency: NUST
- Transcribing agency: NUST
100 ## - HEADING--PERSONAL NAME
- Personal name: Stirzaker, David.
670 ## - SOURCE DATA FOUND
- Source citation: Work cat.: (NUST)0: Geoffrey R. Grimmett, 11030, Probability and Random Processes , 2001.
